000 00760nab a2200229 u 4500
001 16393
003 HDC
007 cr bn ---aaaaa
008 210220c20070821xx dr|noo 0 a eng d
040 _aHDC
245 0 _aInternational firms line up for Brunei's Halal cert
260 _a[No place] :
_b[publisher not identified],
_c2007
336 _atext
_2rdacontent
337 _acomputer
_2rdamedia
338 _aonline resource
_2rdacarrier
650 _aHalal certification
_9753
650 _aHalal products
_9642
856 _zRequest full-text at [email protected]
942 _2lcc
942 _cNEWS
942 _kNWSO 005705
999 _c13709
_d13709